| 000 | 00667nam a2200205 a 4500 | ||
|---|---|---|---|
| 005 | 20240322063628.0 | ||
| 008 | 991125s1978 es 000 0 spa u | ||
| 020 | _a8423402630 | ||
| 035 | _aUPN01000002855 | ||
| 049 | _aCG | ||
| 050 | 4 |
_aHF5549 D8 _bF4.28 |
|
| 100 | 1 | _aFertonani, Marco | |
| 245 | 1 | 0 |
_aAnálisis y valoración de tareas / _cMarco Fertonani, Carlo Actis Grosso ; tr. Angel de la Iglesia. |
| 260 |
_aBilbao, Esp. : _bDeusto, _c1978. |
||
| 300 | _a463 p. | ||
| 440 | 0 |
_aBiblioteca Deusto de dirección y organización. _pPersonal ; _v4 |
|
| 650 | 4 |
_aTrabajo _xClasificación de tareas _98990 |
|
| 700 | 1 |
_aActis Grosso, Carlo, _ecoaut. |
|
| 905 | _aLibro | ||
| 999 |
_c2855 _d2855 |
||